Akta Perindustrian Sekuriti (Depositori Pusat) 1991(Akta 453) dan peraturan-peraturan = (Record no. 4326)

000 -LEADER
fixed length control field nam a22 a 4500
003 - CONTROL NUMBER IDENTIFIER
control field AKMAL
005 - DATE AND TIME OF LATEST TRANSACTION
control field 20170529084937.0
008 - FIXED-LENGTH DATA ELEMENTS--GENERAL INFORMATION
fixed length control field 170529s2005 my | e l 000 0 may d
020 ## - INTERNATIONAL STANDARD BOOK NUMBER
International Standard Book Number 9678915537 (kkt.)
040 ## - CATALOGING SOURCE
Transcribing agency AKMAL
082 04 - DEWEY DECIMAL CLASSIFICATION NUMBER
Classification number 346.5950092 PER
Edition number 22
090 00 - LOCALLY ASSIGNED LC-TYPE CALL NUMBER (OCLC); LOCAL CALL NUMBER (RLIN)
Classification number (OCLC) (R) ; Classification number, CALL (RLIN) (NR) 346.5950092
Local cutter number (OCLC) ; Book number/undivided call number, CALL (RLIN) PER
110 1# - MAIN ENTRY--CORPORATE NAME
Corporate name or jurisdiction name as entry element Malaysia
9 (RLIN) 400
245 10 - TITLE STATEMENT
Title Akta Perindustrian Sekuriti (Depositori Pusat) 1991(Akta 453) dan peraturan-peraturan =
Remainder of title Securities Industry (Central Depositories) Act 1991 (Act 453) and regulations : (hingga 10hb Januari 2005) /
Statement of responsibility, etc. disusun oleh Lembaga Penyelidikan Undang-Undang
246 31 - VARYING FORM OF TITLE
Title proper/short title Securities Industry (Central Depositories) Act 1991 (Act 453) and Regulations
260 ## - PUBLICATION, DISTRIBUTION, ETC.
Place of publication, distribution, etc. Petaling Jaya :
Name of publisher, distributor, etc. International Law Book Services,
Date of publication, distribution, etc. 2005
300 ## - PHYSICAL DESCRIPTION
Extent 187ms. ;
Dimensions 24cm.
440 #0 - SERIES STATEMENT/ADDED ENTRY--TITLE
Title UNDANG-UNDANG MALAYSIA
9 (RLIN) 8424
546 ## - LANGUAGE NOTE
Language note Teks bahasa Malaysia dan Inggeris
650 10 - SUBJECT ADDED ENTRY--TOPICAL TERM
Topical term or geographic name entry element Securities
General subdivision Law and legislation
Geographic subdivision Malaysia
9 (RLIN) 8425
650 20 - SUBJECT ADDED ENTRY--TOPICAL TERM
Topical term or geographic name entry element Brokers
General subdivision Legal status, laws, etc.
Geographic subdivision Malaysia
9 (RLIN) 8426
650 20 - SUBJECT ADDED ENTRY--TOPICAL TERM
Topical term or geographic name entry element Stock-exchange
General subdivision Law and legislation
Geographic subdivision Malaysia
9 (RLIN) 8427
710 2# - ADDED ENTRY--CORPORATE NAME
Corporate name or jurisdiction name as entry element Lembaga Penyelidikan Undang-Undang
9 (RLIN) 8428
942 ## - ADDED ENTRY ELEMENTS (KOHA)
Source of classification or shelving scheme
Koha item type Book
Holdings
Withdrawn status Lost status Source of classification or shelving scheme Damaged status Not for loan Collection code Home library Current library Shelving location Date acquired Inventory number Total Checkouts Full call number Barcode Date last seen Price effective from Koha item type
          NON-FICTION AKMAL Melaka AKMAL Melaka PINJAMAN 29.05.2017 304065   346.5950092 PER 201706171 29.05.2017 29.05.2017 Book
Pusat Sumber Maklumat Dato' Haji Sarmin Md Hussin, Akademi Kastam Diraja Malaysia, Melaka
Tel: 06-2331106 | Faks: 06-2313787